Click the 1970's Song Title Endings - Statistics

General Stats
  • This quiz has been taken 161 times
  • The average score is 20 of 20
Answer Stats
Hint Answer % Correct
Let It Be
100%
Three Little Birds
100%
Stairway To Heaven
100%
Lean On Me
100%
Dancing Queen
100%
Bohemian Rhapsody
100%
Another Brick in the Wall
100%
Stayin' Alive
99%
Hotel California
99%
Sweet Caroline
99%
Don't Stop Me Now
99%
I Will Survive
99%
Live and Let Die
98%
I Wanna Be Your Lover
97%
Fire And Rain
97%
Rocket Man
96%
Life on Mars?
94%
Video Killed the Radio Star
94%
Band on the Run
93%
Mr. Blue Sky
92%
No matching quizzes found
Score Distribution
Percent of People with Each Score
Percentile by Number Answered
Your Score History
You have not taken this quiz